Špecifiká účtovného zobrazenia finančného prenájmu vo vzťahu k sústave účtovníctva (podvojné účtovníctvo, jednoduché účtovníctvo) podnikateľského subjektu a ich daňový aspekt v podmienkach SR diplomová práca

Guardado en:
Detalles Bibliográficos
Autor principal: Burayová, Monika
Autor Corporativo: Fakulta hospodárskej informatiky EU. Katedra účtovníctva a audítorstva
Otros Autores: Vašeková, Miroslava, 1978-
Formato: Libro
Lenguaje:eslovaco
Publicado: Bratislava 2010
Etiquetas: Agregar Etiqueta
Sin Etiquetas, Sea el primero en etiquetar este registro!

MARC

LEADER 00000nbm a2200000 4500
001 0162264
005 20121206101240.8
041 0 |a slo 
044 |a SK 
245 1 0 |a Špecifiká účtovného zobrazenia finančného prenájmu vo vzťahu k sústave účtovníctva (podvojné účtovníctvo, jednoduché účtovníctvo) podnikateľského subjektu a ich daňový aspekt v podmienkach SR  |b diplomová práca  |c Monika Burayová ; školiteľ: Miroslava Vašeková 
264 1 |a Bratislava  |c 2010 
300 |a 64 s. 
100 1 |a Burayová, Monika 
700 1 |a Vašeková, Miroslava, 1978- 
710 2 |a Fakulta hospodárskej informatiky EU. Katedra účtovníctva a audítorstva